| 000 | 00610nam a2200205Ia 4500 | ||
|---|---|---|---|
| 005 | 20231202092310.0 | ||
| 008 | 131103s9999 xx 000 0 und d | ||
| 040 | _aLoreto College | ||
| 041 | _aEnglish | ||
| 082 |
_a396 _bJAI |
||
| 245 |
_aIndian Women, _cEdited by Devaki Jain |
||
| 260 |
_a[New Delhi] _bPublications Divisions,Ministry of Information and Broadcasting,Govt. of India _c1975 |
||
| 300 | _axxvii,312 p. | ||
| 630 | _aIndian Women - Social Conditions | ||
| 650 | _aWomen - Social Conditions | ||
| 651 | _aWomen Studies | ||
| 700 | _aJain,Devaki,ed. | ||
| 850 | _aLCLIB | ||
| 942 | _cBK | ||
| 999 |
_c11347 _d61826 |
||